[Event "Samara Polugaevsky Memorial 6th"]
[Site "Samara"]
[Date "2016.07.05"]
[Round "3"]
[White "Gutkovich, Polina"]
[Black "Bagaeva, Maria"]
[Result "1-0"]
[WhiteElo "1775"]
[BlackElo "1548"]
[PlyCount "83"]
[EventDate "2016.07.03"]
[EventType "swiss"]
[EventRounds "9"]
[EventCountry "RUS"]
[SourceTitle "EXT 2019"]
[Source "ChessBase"]
[SourceDate "2018.10.10"]
[SourceVersion "1"]
[SourceVersionDate "2018.10.10"]
[SourceQuality "1"]

1. e4 d5 2. exd5 Qxd5 3. Nc3 Qd6 4. Bc4 Nf6 5. Nge2 Nc6 6. d3 a6 7. Bf4 e5 8. Bg5 Bf5 9. 0-0 h6 10. Bxf6 Qxf6 11. Ng3 Bc5 12. Nd5 Qg6 13. Nxf5 Qxf5 14. Nxc7+ Ke7 15. Nxa8 Rxa8 16. c3 Kf8 17. Qe2 Rd8 18. b4 Ba7 19. Rad1 Ne7 20. Qe4 Qxe4 21. dxe4 Rxd1 22. Rxd1 Ke8 23. Bd5 Nxd5 24. Rxd5 f6 25. Kf1 Ke7 26. Ke2 Bb6 27. f3 Ke6 28. Kd3 Ke7 29. a4 Ba7 30. b5 a5 31. Kc4 b6 32. g3 Bb8 33. Kd3 Bd6 34. Ke3 g5 35. h4 Bc7 36. hxg5 hxg5 37. Rd1 Ke6 38. Rh1 Bd6 39. Rh8 Bc5+ 40. Kd3 Kd7 41. Kc4 Ke6 42. Rc8 1-0

[Event "Moscow op-B (Women)"]
[Site "Moscow"]
[Date "2016.02.02"]
[Round "4"]
[White "Tanygina, Yulia"]
[Black "Bagaeva, Maria"]
[Result "1-0"]
[WhiteElo "1665"]
[BlackElo "1475"]
[PlyCount "137"]
[EventDate "2016.01.30"]
[EventType "swiss"]
[EventRounds "9"]
[EventCountry "RUS"]
[SourceTitle "CBM 170 Extra"]
[Source "ChessBase"]
[SourceDate "2016.02.25"]
[SourceVersion "1"]
[SourceVersionDate "2016.02.25"]
[SourceQuality "1"]

1. e4 d5 2. exd5 Qxd5 3. Nc3 Qd6 4. Nf3 Nf6 5. Be2 Nc6 6. 0-0 Bf5 7. Nb5 Qd7 8. d4 a6 9. Na3 e6 10. Nc4 Be7 11. Bf4 0-0 12. Re1 Rad8 13. c3 Nd5 14. Bg3 h6 15. Bd3 Bg4 16. h3 Bh5 17. Nce5 Nxe5 18. Rxe5 Bxf3 19. Qxf3 Bd6 20. Re2 Bxg3 21. Qxg3 Qd6 22. Qxd6 Rxd6 23. g3 Nf6 24. Bc2 Rdd8 25. f4 Rfe8 26. Rae1 Kf8 27. Kf2 Nd5 28. Bb3 c6 29. Kf3 Rc8 30. g4 Nf6 31. Rd1 Rcd8 32. a4 Rc8 33. Rde1 Rcd8 34. Bc2 Nd5 35. f5 exf5 36. Rxe8+ Rxe8 37. Rxe8+ Kxe8 38. Bxf5 Ne7 39. Bd3 Nd5 40. c4 Ne7 41. Be4 Kd7 42. a5 Kd6 43. h4 Kc7 44. h5 Kd6 45. Kf4 Ke6 46. b4 Kd6 47. Bf3 Nc8 48. d5 Ne7 49. c5+ Kd7 50. d6 Ng8 51. g5 hxg5+ 52. Kxg5 Nh6 53. Be4 Ng8 54. Bd3 Nh6 55. Bc4 Kd8 56. Bxf7 Nxf7+ 57. Kg6 Ke8 58. Kxg7 Ng5 59. h6 Ne6+ 60. Kg8 Nf8 61. h7 Nxh7 62. Kxh7 Kf7 63. Kh6 Kf6 64. Kh5 Ke6 65. Kg6 Kd7 66. Kf6 Kd8 67. Ke6 Ke8 68. d7+ Kd8 69. Kd6 1-0

[Event "Moscow op-B (Women)"]
[Site "Moscow"]
[Date "2016.01.30"]
[Round "1"]
[White "Goganova, Yana"]
[Black "Bagaeva, Maria"]
[Result "1-0"]
[WhiteElo "2071"]
[BlackElo "1475"]
[PlyCount "43"]
[EventDate "2016.01.30"]
[EventType "swiss"]
[EventRounds "9"]
[EventCountry "RUS"]
[SourceTitle "CBM 170 Extra"]
[Source "ChessBase"]
[SourceDate "2016.02.25"]
[SourceVersion "1"]
[SourceVersionDate "2016.02.25"]
[SourceQuality "1"]

1. e4 d5 2. exd5 Qxd5 3. Nc3 Qd6 4. d4 Nf6 5. Nf3 a6 6. Bd3 Bg4 7. h3 Bh5 8. Ne4 Nxe4 9. Bxe4 Nc6 10. c3 e6 11. Qa4 b5 12. Qc2 Rd8 13. Qe2 Be7 14. a4 Bg6 15. axb5 axb5 16. Ra6 Nxd4 17. Rxd6 Nxe2 18. Bc6+ Kf8 19. Rxd8+ Bxd8 20. Kxe2 Bf6 21. Be3 Be7 22. Ra1 1-0

[Event "Chigorin Memorial 23rd"]
[Site "St Petersburg"]
[Date "2015.10.09"]
[Round "7"]
[White "Kiseleva, Ekaterina"]
[Black "Bagaeva, Maria"]
[Result "1-0"]
[WhiteElo "1859"]
[BlackElo "1500"]
[PlyCount "57"]
[EventDate "2015.10.03"]
[EventType "swiss"]
[EventRounds "9"]
[EventCountry "RUS"]
[SourceTitle "CBM 168 Extra"]
[Source "ChessBase"]
[SourceDate "2015.10.29"]
[SourceVersion "1"]
[SourceVersionDate "2015.10.29"]
[SourceQuality "1"]

1. e4 d5 2. exd5 Qxd5 3. Nf3 Nf6 4. Be2 Bf5 5. 0-0 e6 6. d4 a6 7. c4 Qd8 8. Nc3 Be7 9. Qb3 b6 10. Bf4 Nbd7 11. Rad1 0-0 12. Rd2 Ne4 13. Nxe4 Bxe4 14. Qe3 Nf6 15. a3 Bd6 16. Ne5 Bb7 17. Bg5 Re8 18. Bf3 Bxf3 19. Qxf3 Be7 20. Rfd1 h6 21. Bh4 Qd6 22. Bg3 Qd8 23. Rd3 Bd6 24. h3 Qe7 25. Bh4 g5 26. Nc6 Qd7 27. Qxf6 Qxc6 28. Bg3 Bf8 29. Be5 1-0

[Event "Moscow op-B (Women)"]
[Site "Moscow"]
[Date "2015.02.08"]
[Round "9"]
[White "Matafonova, Yulia"]
[Black "Bagaeva, Maria"]
[Result "1/2-1/2"]
[WhiteElo "1729"]
[BlackElo "1475"]
[PlyCount "96"]
[EventDate "2015.01.31"]
[EventType "swiss"]
[EventRounds "9"]
[EventCountry "RUS"]
[SourceTitle "CBM 164 Extra"]
[Source "ChessBase"]
[SourceDate "2015.03.02"]
[SourceVersion "1"]
[SourceVersionDate "2015.03.02"]
[SourceQuality "1"]

1. e4 e5 2. Nf3 Nc6 3. Bc4 Bc5 4. c3 Nf6 5. d4 exd4 6. cxd4 Bb4+ 7. Nc3 Nxe4 8. 0-0 Bxc3 9. d5 Ne7 10. bxc3 0-0 11. Qc2 Nd6 12. Bd3 g6 13. c4 Ndf5 14. Bb2 Nh6 15. Rfe1 d6 16. Bf6 Re8 17. Qe2 Bg4 18. Bxe7 Qd7 19. Qd2 Rxe7 20. Rxe7 Qxe7 21. Qxh6 Bxf3 22. gxf3 Qf6 23. Re1 Qxf3 24. Qe3 Qg4+ 25. Qg3 Qd4 26. h4 a5 27. h5 Qf6 28. hxg6 hxg6 29. Re4 Qa1+ 30. Kg2 Qxa2 31. Rh4 Qb2 32. Qg5 a4 33. Rh1 a3 34. Qc1 Qd4 35. Qa1 Qg4+ 36. Kf1 f6 37. Qxf6 Qd1+ 38. Kg2 Qg4+ 39. Kh2 Qh5+ 40. Kg1 Qg4+ 41. Kf1 Qd1+ 42. Kg2 Qg4+ 43. Kh2 Qh5+ 44. Kg1 a2 45. Qa1 Qe5 46. Kg2 Qg5+ 47. Kf1 Qe5 48. Kg2 g5 1/2-1/2

[Event "Moscow op-B (Women)"]
[Site "Moscow"]
[Date "2015.02.03"]
[Round "4"]
[White "Garifullina, Leya"]
[Black "Bagaeva, Maria"]
[Result "1-0"]
[WhiteElo "1653"]
[BlackElo "1475"]
[PlyCount "51"]
[EventDate "2015.01.31"]
[EventType "swiss"]
[EventRounds "9"]
[EventCountry "RUS"]
[SourceTitle "CBM 164 Extra"]
[Source "ChessBase"]
[SourceDate "2015.03.02"]
[SourceVersion "1"]
[SourceVersionDate "2015.03.02"]
[SourceQuality "1"]

1. e4 e5 2. Nf3 Nc6 3. Bb5 d6 4. d4 exd4 5. Nxd4 Bd7 6. Nc3 Nf6 7. Bxc6 bxc6 8. Qf3 c5 9. Nf5 Bxf5 10. exf5 Be7 11. b3 0-0 12. Bb2 Re8 13. 0-0-0 Qd7 14. g4 h6 15. h4 Nh7 16. Nd5 Qd8 17. Qc3 Bf6 18. Nxf6+ Qxf6 19. Qf3 Qe7 20. Kb1 Qe4 21. Qg3 Qe7 22. f6 Nxf6 23. g5 Ne4 24. Qg2 hxg5 25. f3 Nf6 26. hxg5 1-0